| 000 | 00631nam a2200193Ia 4500 | ||
|---|---|---|---|
| 003 | GCL | ||
| 008 | 140319s9999 xx 000 0 ara d | ||
| 040 |
_aGCL / _cGCL |
||
| 082 | 0 | 4 |
_aق _b962.063 _bم ج |
| 100 | 1 | _aمحمد امين حسونة | |
| 245 | 1 | 0 |
_aجمهورية مصر فى عامها الثانى / _cمحمد امين حسونة |
| 300 | _a623 ص | ||
| 490 |
_aالهيئة العامة للاستعلامات _v0 |
||
| 650 | 0 | 4 | _aمصر |
| 650 | 0 | 4 | _aجمال عبدالناصر |
| 650 | 0 | 4 | _aمصر - تاريخ - العصر الحديث (1805 - 1956 ) |
| 650 | 0 | 4 | _aجمهورية - مصر |
| 942 |
_2ddc _cBK |
||
| 999 |
_c49861 _d49861 |
||